| 000 | 00845nam a2200265 a 4500 | ||
|---|---|---|---|
| 008 | |||
| 020 | _a0471967599 (cased.) | ||
| 049 | _aMAIN | ||
| 090 | _aQD462.6.D45 | ||
| 245 | 0 | 0 |
_aDensity-functional methods in chemistry and materials science / _cedited by Michael Springborg. |
| 260 |
_aChichester : _bWiley, _c1997. |
||
| 300 |
_axvi, 358 p. : _bill. ; _c26 cm. |
||
| 440 | 1 | _aWiley research series in theoretical chemistry. | |
| 504 | _aIncludes bibliographical references. | ||
| 500 | _aIncludes index. | ||
| 650 | 0 | _aDensity functionals. | |
| 650 | 0 | _aQuantum chemistry. | |
| 650 | 0 | _aElectronic structure. | |
| 700 | 1 | _aSpringborg, Michael. | |
| 907 |
_a.b10012965 _b31-05-04 _c17-04-03 |
||
| 003 | |||
| 005 | 20230123133127.0 | ||
| 040 | _cNUST | ||
| 942 |
_cBOOKS _kQD462.6.D45 |
||
| 999 |
_c143190 _d143190 |
||